| 000 | 00449nam a22001817a 4500 | ||
|---|---|---|---|
| 005 | 20231031164736.0 | ||
| 008 | 231031b |||||||| |||| 00| 0 eng d | ||
| 020 | _a978-93-92140-20-4 | ||
| 041 | _aeng | ||
| 082 | _a340.1 | ||
| 100 | _aPARANJAPE, DR. N.V. | ||
| 245 | _aSTUDIES IN JURISPRUDENCE LEGAL THEORY | ||
| 250 | _a10TH, ED. 2023 | ||
| 260 |
_aALLAHABAD _bCENTAL LAW PUBLICATION _c2022 |
||
| 300 | _a463;p | ||
| 650 | _aLAW | ||
| 942 | _cBK | ||
| 999 |
_c8434 _d8432 |
||